The world's best cities : (Record no. 710)

MARC details
000 -LEADER
fixed length control field 03948cam a22004334i 4500
005 - DATE AND TIME OF LATEST TRANSACTION
control field 20260322212031.0
008 - FIXED-LENGTH DATA ELEMENTS--GENERAL INFORMATION
fixed length control field data
010 ## - LIBRARY OF CONGRESS CONTROL NUMBER
LC control number 2014017749
020 ## - INTERNATIONAL STANDARD BOOK NUMBER
International Standard Book Number 9781426213786 (hardback)
020 ## - INTERNATIONAL STANDARD BOOK NUMBER
International Standard Book Number 1426213786
040 ## - CATALOGING SOURCE
Original cataloging agency DLC
Language of cataloging eng
Transcribing agency DLC
Description conventions rda
Modifying agency DLC
042 ## - AUTHENTICATION CODE
Authentication code pcc
050 00 - LIBRARY OF CONGRESS CALL NUMBER
Classification number G140
Item number .W67 2014
082 00 - DEWEY DECIMAL CLASSIFICATION NUMBER
Classification number 307.760022/2
Edition information 23
084 ## - OTHER CLASSIFICATION NUMBER
Classification number TRV021000
-- TRV019000
-- TRV021000
Number source bisacsh
092 ## - LOCALLY ASSIGNED DEWEY CALL NUMBER (OCLC)
Classification number 307.76 Wor 2014
001 - CONTROL NUMBER
control field data
245 14 - TITLE STATEMENT
Title The world's best cities :
Remainder of title celebrating 220 great destinations /
Statement of responsibility, etc. National Geographic Society (U.S.).
264 #1 - PRODUCTION, PUBLICATION, DISTRIBUTION, MANUFACTURE, AND COPYRIGHT NOTICE
Place of production, publication, distribution, manufacture Washington, D.C. :
Name of producer, publisher, distributor, manufacturer National Geographic Society,
Date of production, publication, distribution, manufacture, or copyright notice 2014.
300 ## - PHYSICAL DESCRIPTION
Extent 335 pages :
Other physical details color illustrations ;
Dimensions 31 cm
336 ## - CONTENT TYPE
Content type term text
Content type code txt
Source rdacontent
336 ## - CONTENT TYPE
Content type term still-image
Content type code sti
Source rdacontent
337 ## - MEDIA TYPE
Media type term unmediated
Media type code n
Source rdamedia
338 ## - CARRIER TYPE
Carrier type term volume
Carrier type code nc
Source rdacarrier
500 ## - GENERAL NOTE
General note Includes index.
520 ## - SUMMARY, ETC.
Summary, etc. "Delving into the heart and soul of more than 225 cities around the globe, The World's Best Cities is a glossy, glorious tribute to cosmopolitan life. In photos and words, this irresistible volume showcases long-established great cities like Paris, Rome, New York, London, and Tokyo, as well as exciting up-and-comers, including Denver, Asheville, Oslo, and Abu Dhabi. As readable as it is beautiful, this expansive travel guide offers a playful, informative mix of inspirational personal narratives; photo galleries, and fun facts; plus sidebars on oddities; where to find the best food and shopping; novels that capture a particular city's atmosphere; local secrets; and more. Many additional cities appear in illustrated lists, such as eco-friendly cities, foodie cities; and happiest cities. The twenty-first century is the Century of the City, and on-the-go visitors and armchair travelers alike will make The World's Best Cities a must-have volume to accompany all their urban adventures"--
Assigning source Provided by publisher.
520 ## - SUMMARY, ETC.
Summary, etc. "Marking the "Century of the City," the next in National Geographic's best-selling large-format gift book collection celebrates the world's great and upcoming cities with a panoply of lavish photo galleries and insightful text, sharing local secrets, oddities, thematic lists, and more. Delving into the heart and soul of more than 220 cities around the globe, The World's Best Cities is a glossy, glorious tribute to cosmopolitan life. In photos and words, this irresistible volume showcases long-established great cities like Paris, Rome, New York, London, and Tokyo, as well as exciting up-and-comers, including Denver, Asheville, Oslo, and Abu Dhabi. As readable as it is beautiful, this expansive travel guide offers a playful, informative mix of inspirational personal narratives; photo galleries, and fun facts; plus sidebars on oddities; where to find the best food and shopping; novels that capture a particular city's atmosphere; local secrets; and more. Many additional cities appear in illustrated lists, such as eco-friendly cities, foodie cities; and happiest cities. The twenty-first century is the Century of the City, and on-the-go visitors and armchair travelers alike will make The World's Best Cities a must-have volume to accompany all their urban adventures"--
Assigning source Provided by publisher.
650 #0 - SUBJECT ADDED ENTRY--TOPICAL TERM
Topical term or geographic name entry element Cities and towns.
650 #0 - SUBJECT ADDED ENTRY--TOPICAL TERM
Topical term or geographic name entry element Cities and towns
Form subdivision Pictorial works.
650 #0 - SUBJECT ADDED ENTRY--TOPICAL TERM
Topical term or geographic name entry element City and town life.
650 #0 - SUBJECT ADDED ENTRY--TOPICAL TERM
Topical term or geographic name entry element City and town life
Form subdivision Pictorial works.
650 #7 - SUBJECT ADDED ENTRY--TOPICAL TERM
Topical term or geographic name entry element TRAVEL / Special Interest / General.
Source of heading or term bisacsh
650 #7 - SUBJECT ADDED ENTRY--TOPICAL TERM
Topical term or geographic name entry element TRAVEL / Pictorials (see also PHOTOGRAPHY / Subjects & Themes / Regional).
Source of heading or term bisacsh
650 #7 - SUBJECT ADDED ENTRY--TOPICAL TERM
Topical term or geographic name entry element TRAVEL / Reference.
Source of heading or term bisacsh
720 2# - ADDED ENTRY--UNCONTROLLED NAME
Name National Geographic Society (U.S.)
Relator term issuing body.
906 ## - LOCAL DATA ELEMENT F, LDF (RLIN)
a 7
b cbc
c orignew
d 1
e ecip
f 20
g y-gencatlg
925 0# -
-- acquire
-- 1 shelf copy
-- Sel/ddw, 2014-12-08
955 ## - COPY-LEVEL INFORMATION (RLIN)
-- xl06 2014-08-22
-- re06 2015-3-23 to CALM
Holdings
Withdrawn status Lost status Damaged status Not for loan Home library Current library Shelving location Date acquired Total checkouts Full call number Barcode Date last seen Price effective from Koha item type
        Troy Troy General stacks 22/03/2026   307.760022/2 23 BC0010727 22/03/2026 22/03/2026 Books